Arithmetik abelscher varietaten mit komplexer multiplikation
Αποθηκεύτηκε σε:
| Κύριος συγγραφέας: | |
|---|---|
| Μορφή: | Βιβλίο |
| Γλώσσα: | German |
| Δημοσίευση: |
Berlin :
Springer-Verlag,
1984
|
| Σειρά: | Lecture notes in mathematics (Springer-Verlag)
; 1082 |
| Θέματα: | |
| Ετικέτες: |
Προσθήκη ετικέτας
Δεν υπάρχουν, Καταχωρήστε ετικέτα πρώτοι!
|
MARC
| LEADER | 00000nam a2200000 i 4500 | ||
|---|---|---|---|
| 001 | 1/61998 | ||
| 008 | 941103s1984 ger d | ||
| 020 | |a 3-540-13863-3 | ||
| 035 | |a 1993 |l 10046534 | ||
| 040 | |a GR-MY-UA |b gre |e aacr | ||
| 041 | 0 | |a ger | |
| 082 | 0 | |a 516.353 | |
| 100 | 1 | |a Schmidt, Claus-Gunther. | |
| 245 | 1 | 0 | |a Arithmetik abelscher varietaten mit komplexer multiplikation / |c Claus-Gunther Schmidt |
| 260 | |a Berlin : |b Springer-Verlag, |c 1984 | ||
| 300 | |a vi, 96 p.; |c 25 cm. | ||
| 490 | 1 | |a Lecture notes in mathematics (Springer-Verlag) |v ; 1082 | |
| 500 | |a Includes bibliographical references and index | ||
| 650 | 0 | 0 | |a Abelian varieties. |
| 650 | 0 | 0 | |a Multiplication, Complex. |
| 830 | 0 | |a Lecture notes in mathematics (Springer-Verlag) |v ; 1082 | |
| 852 | |a INST |b SAMOS |e 19941103 |h 516.353 SCH |p 005300007007 |q 005300007007 |t BK |y 0 | ||
| 909 | |a Σ |b 028947 | ||